El concepto de pecado

Salvato in:
Dettagli Bibliografici
Autore principale: Pieper, Josef (autor)
Natura: Libro
Lingua:spagnolo
Pubblicazione: Barcelona Herder 1979
Edizione:1a. ed
Soggetti:
Tags: Aggiungi Tag
Nessun Tag, puoi essere il primo ad aggiungerne!!

MARC

LEADER 00000cam a2200000 a 4500
001 UCE8660
003 CL-VaPUC
008 150827e19790000sp |||||||||||||||||spa|d
020 |a 8425407729 
082 0 4 |a 241.3  |b PIE  |2 21 
100 |a Pieper, Josef   |e autor  |9 520990 
245 1 3 |a El concepto de pecado 
250 |a 1a. ed 
300 |a 119 p 
942 |c BK 
945 |d 20150827 16:13:00  |a dcastane 
260 |a Barcelona  |b Herder  |c 1979 
650 0 |a Pecado  |9 314980 
583 |a last modification  |c 20150827 16:13:00  |k Rodrigo Vera 
999 |c 360452  |d 360450 
952 |0 0  |1 0  |3 erb  |4 0  |6 241_300000000000000_PIE_1979  |7 0  |8 A  |9 470284  |a BIBTEO  |b BIBTEO  |e Valenzuela Fuenzalida, Alvaro Miguel, 1932-  |i 518990K  |o 241.3 PIE 1979  |p 518990K  |r 2025-01-17  |w 2019-11-23  |y BK  |z Catalogado en:20150827  |k ICR